| 000 | 00599nab#a2200205#c#4500 | ||
|---|---|---|---|
| 999 |
_c87938 _d87938 |
||
| 003 | IEF | ||
| 005 | 20191204125402.0 | ||
| 008 | 950704s1976 uuu|| #####0 b| |u | ||
| 040 |
_aIEF _cES-MaIEF |
||
| 100 | 1 |
_aFlores de Lemus, Antonio _916049 |
|
| 245 |
_aAlgunos datos estadísticos sobre el estado actual de la economía española _c Antonio Flores de Lemus |
||
| 260 | _c1976 | ||
| 650 | 4 |
_aFINANZAS _944304 |
|
| 650 | 4 |
_aESPAÑA _941092 |
|
| 650 | 4 |
_aESTADISTICAS _942650 |
|
| 773 | 0 |
_tHacienda pública española _w34570 _g42-43, p. 421-465 |
|
| 942 | _2udc | ||
| 942 | _2udc | ||